Дуговой синтез углеродных наноструктур в жидкой фазе; Высокие технологии в современной науке и технике (ВТСНТ-2017)

Bibliografski detalji
Parent link:Высокие технологии в современной науке и технике (ВТСНТ-2017).— 2017.— [С. 37-38]
Autor kompanije: Национальный исследовательский Томский политехнический университет (ТПУ) Институт физики высоких технологий (ИФВТ) Кафедра общей химии и химической технологии (ОХХТ)
Daljnji autori: Габдуллин М. Т. (научный руководитель), Абдуллин Х. А., Ильин А. П. Александр Петрович, Щур Д. В., Исмаилов Д. В.
Sažetak:Заглавие с титульного экрана
Jezik:ruski
Izdano: 2017
Serija:Технологии материалов новых поколений и наноматериалов
Teme:
Online pristup:http://earchive.tpu.ru/handle/11683/45385
Format: Elektronički Poglavlje knjige
KOHA link:https://koha.lib.tpu.ru/cgi-bin/koha/opac-detail.pl?biblionumber=625286

MARC

LEADER 00000naa2a2200000 4500
001 625286
005 20231101133344.0
035 |a (RuTPU)RU\TPU\conf\24546 
035 |a RU\TPU\conf\24544 
090 |a 625286 
100 |a 20171208d2017 k y0rusy50 ca 
101 0 |a rus 
102 |a RU 
105 |a y z 101zy 
135 |a drgn ---uucaa 
181 0 |a i  
182 0 |a b 
200 1 |a Дуговой синтез углеродных наноструктур в жидкой фазе  |f М. Т. Габдуллин [и др.]  |g науч. рук. М. Т. Габдуллин 
203 |a Текст  |c электронный 
225 1 |a Технологии материалов новых поколений и наноматериалов 
230 |a 1 компьютерный файл (pdf; 638 Kb) 
300 |a Заглавие с титульного экрана 
320 |a [Библиогр.: с. 38 (4 назв.)] 
463 1 |0 (RuTPU)RU\TPU\conf\24481  |t Высокие технологии в современной науке и технике (ВТСНТ-2017)  |o сборник научных трудов VI Международной научно-технической конференции молодых ученых, аспирантов и студентов, г. Томск, 27–29 ноября 2017 г.  |f Национальный исследовательский Томский политехнический университет (ТПУ) ; под ред. А. Н. Яковлева  |v [С. 37-38]  |d 2017 
610 1 |a труды учёных ТПУ 
610 1 |a электронные ресурсы 
610 1 |a наночастицы 
610 1 |a наноматериалы 
610 1 |a плазматроны 
610 1 |a химические соединения 
610 1 |a композитные материалы 
701 1 |a Габдуллин  |b М. Т. 
701 1 |a Абдуллин  |b Х. А. 
701 1 |a Ильин  |b А. П.  |c химик  |c профессор Томского политехнического университета, доктор физико-математических наук  |f 1949-  |g Александр Петрович  |2 stltpush  |3 (RuTPU)RU\TPU\pers\25487 
701 1 |a Щур  |b Д. В. 
701 1 |a Исмаилов  |b Д. В. 
702 1 |a Габдуллин  |b М. Т.  |4 727 
712 0 2 |a Национальный исследовательский Томский политехнический университет (ТПУ)  |b Институт физики высоких технологий (ИФВТ)  |b Кафедра общей химии и химической технологии (ОХХТ)  |h 7617  |2 stltpush  |3 (RuTPU)RU\TPU\col\21253 
801 2 |a RU  |b 63413507  |c 20171220  |g RCR 
856 4 |u http://earchive.tpu.ru/handle/11683/45385 
942 |c BK